000 01912nam a22002057a 4500
005 20250224121330.0
008 250224b ||||| |||| 00| 0 eng d
020 _a9781529033137
040 _cAL
041 _aeng
082 _223
_a813.6
_bKINW
100 _aLily King
_9202187
245 _aWriters and lovers
260 _aNew York
_bPicador
_c2021
300 _a324p
_bPB
_c19x13cm.
365 _2General
_a6693
_b₹440.00
_c
_d₹550.00
_e20%
_f18/02/2025
520 _aFunny and heartbreaking, Writers & Lovers by Lily King is the bitingly clever story of Casey, a young writer who has lost her direction in life, until two men step into her world and offer her two very different futures.The New York Times Bestseller‘Captivating, potent, incisive, and wise’ – Madeline Miller, author of Circe‘Extremely funny’ – Sunday TimesRecently out of a devastating love affair and mourning the loss of her beloved mum, Casey is lost. The novel she has been writing for six years isn’t going anywhere, her debt is soaring, and at thirty-one, with all her friends getting married and having kids, she feels too old for things to be this way.Then she meets Silas. He is kind, handsome, interested. But only a few weeks later, Oscar – older, fascinating, troubled – walks into her life, his two boys in tow. Suddenly Casey finds herself at the point of a love triangle, torn between two very different relationships that promise two very different futures. And she’s still got to write that book . . .‘Suffused with hopefulness and kindness’ – Ann Patchett‘Exquisite’ – Sunday Telegraph‘Funny and immensely clever’ – Tessa Hadley‘Beautiful . . . Reading the book feels like waiting for clouds to break – a kind of gorgeous agony’ – Guardian‘I loved this book’ – Curtis Sittenfeld
650 _2Literature
_aAmerican Fiction in English
_9202188
942 _2ddc
_cBK
999 _c233884
_d233884